| 000 | 00705nam a2200217 a 4500 | ||
|---|---|---|---|
| 001 | 8059 | ||
| 003 | CO-ViMGA | ||
| 008 | 141112s2004 ck r 000 u spa d | ||
| 020 | _a9588052173 | ||
| 040 |
_aCO-ViMGA _bspa _cCO-ViMGA |
||
| 082 | 0 | 4 | _a365.6 U732 |
| 100 | 1 |
_aUseche Losada, Mariano _97708 |
|
| 245 | 1 | 0 |
_aLa prisión del raudal : _bHistoria oral de la colonia penal de Araracuara - Amazonia Colombiana 1938 - 1971 |
| 260 |
_aBogotá, _cInstituto Colombiano de Antropología , _c1998 |
||
| 300 | _a232.p. | ||
| 650 | 1 | 4 |
_aCOLONIA PENAL - ARARACUARA _97709 |
| 650 | 1 | 4 |
_aCONDICIONES SOCIALES _96294 |
| 650 | 1 | 4 |
_aPRISION - AMAZONAS _97710 |
| 650 | 1 | 4 |
_aRELATOS PERSONALES _97711 |
| 942 |
_2ddc _cBK |
||
| 999 |
_c19880 _d19880 |
||